000 00383 a2200169 4500
001 191654
020 _a978-85-16-05767-1
040 _cMagnum
100 _aOram, Hiawyn
240 1 0 _aAs cartas de ronroroso
_lpor
245 1 0 _aAs cartas de ronroroso
300 _a22
362 0 _a2008
440 1 _aModerna
697 _aLITERATURA INFANTO-JUVENIL ESTRANGEIRA
942 _cBK
999 _c191654
_d191654